Associez ce personnage à son jeu-vidéo - Statistiques

Statistiques générales
  • Ce quiz a été pris 121 fois
  • Le résultat moyen est 12 sur 20
Statistiques - réponses
Personnage Jeu % Correct
Princesse Peach Super Mario Bros.
100%
Link The Legend of Zelda
99%
Rondoudou Pokémon
95%
Lara Croft Tomb Raider
94%
Kratos God of War
88%
Nathan Drake Uncharted
81%
Ezio Auditore Assassin's Creed
72%
Elie The Last of Us
65%
Tom Nook Animal Crossing
63%
Samus Aran Metroïd
59%
Dr. Néo Cortex Crash Bandicoot
56%
Tails "Miles Prower" Sonic The Hedgehog
55%
Franklin Clinton Grand Theft Auto
53%
Falco Lombardi Star Fox
50%
Capitaine Price Call of Duty
47%
Arthur Morgan Red Dead Redemption
47%
Aloy Horizon Zero Dawn
37%
Shepard Mass Effect
29%
Daniel Fortesque MediEvil
12%
Sam Porter Bridges Death Stranding
10%
Aucun quiz correspondant
Distribution des résultats
% des personnes avec chaque résultat
Percentile par nombre de réponses
Votre historique - résultats
Vous n’avez pas pris ce quiz